Rainbow 51 in 1 Science Experiments-2/ (Record no. 207496)

MARC details
000 -LEADER
fixed length control field 00623nam a22002057a 4500
005 - DATE AND TIME OF LATEST TRANSACTION
control field 20241209121503.0
010 ## - LCCN (DPL NO)
LC control number B-761429
020 ## - INTERNATIONAL STANDARD BOOK NUMBER
International Standard Book Number 9788181536045
Terms of availability 190.00
035 ## - SYSTEM CONTROL NUMBER
System control number B-761429
037 ## - SOURCE OF ACQUISITION
Source of stock number/acquisition Gift
082 ## - DEWEY DECIMAL CLASSIFICATION NUMBER
Classification number 507.8
245 ## - TITLE STATEMENT
Title Rainbow 51 in 1 Science Experiments-2/
260 ## - PUBLICATION, DISTRIBUTION, ETC. (IMPRINT)
Place of publication, distribution, etc Delhi
Name of publisher, distributor, etc Rainbow Books
Date of publication, distribution, etc 2019(repr.)
270 ## - ADDRESS
Address F-32, Street No.12, Parwana Road, Jagat Puri,
City Delhi
Postal code 110051
300 ## - PHYSICAL DESCRIPTION
Extent 130p.
Dimensions 25cm(Hb)
Other physical details col.ill.
490 ## - SERIES STATEMENT
Volume number/sequential designation 1
700 ## - ADDED ENTRY--PERSONAL NAME
Personal name Aakanksha
9 (RLIN) 55845
942 ## - ADDED ENTRY ELEMENTS (KOHA)
Source of classification or shelving scheme Dewey Decimal Classification
Item type Children Books
Call number suffix RAI
Classification part 507.8
Holdings
Withdrawn status Lost status Not for loan Collection code Home library Current library Date acquired Source of acquisition Cost, normal purchase price Full call number Barcode Copy number Cost, replacement price Koha item type Public note
      Non-fiction Central Library Central Library 09/12/2024 Gift/9.12.24 190.00 RAI 507.8 B-761429 1 190.00 Children Books Gift

© Delhi Public Library
Hit Counter
free hit counter